000 00524nam a2200169 4500
001 111151
003 ES-MaACL
007 t|
008 061121s1975 xxu r ||||1| spa d
100 1 _aNeale-Silva, Eduardo.
_985255
245 1 0 _aCésar Vallejo en su fase trílcica /
_cEduardo Neale-Silva.
250 _a1st printing.
260 _aWisconsin :
_bThe University of Winconsin Press,
_c1975.
300 _a663 p., 1 lám. ;
_c22 cm.
710 2 _aUniversity of Winconsin.
_97517
852 _aES-MaACL
_jL-7636
_bR.108147
999 _c111151
_d111151